La verdad de Jesús : estudios de cristología joanea /
Análisis exegético e interpretación teológica de los textos cristológicos que conforman el evangelio de San Juan, que inicia con el testimonio de Juan el Bautista sobre el Cordero de Dios y finaliza con la muerte de Jesús.
में बचाया:
| मुख्य लेखक: | |
|---|---|
| स्वरूप: | पुस्तक |
| भाषा: | स्पेनिश |
| प्रकाशित: |
Madrid, España :
Editorial Católica,
1979, c1979
|
| श्रृंखला: | (Biblioteca de Autores Cristianos ;
405) |
| विषय: | |
| टैग: |
कोई टैग नहीं, इस रिकॉर्ड को टैग करने वाले पहले व्यक्ति बनें!
|
MARC
| LEADER | 00000nam^a2200000^a^4500 | ||
|---|---|---|---|
| 001 | 000001861 | ||
| 005 | 20250521000000.0 | ||
| 009 | 20260310083124.68 | ||
| 020 | |a 84-220-0890-4 | ||
| 037 | |a Acervo ITESO - Biblioteca | ||
| 041 | |a ESP | ||
| 082 | |a 200. |b BAC V. 405 | ||
| 100 | |a Potterie, Ignace de la |e (autor) | ||
| 240 | 1 | 4 | |a [La verdad de Jesús] |
| 245 | 1 | 3 | |a La verdad de Jesús : |b estudios de cristología joanea / |c I. de la Potterie ; tr. por Gonzalo Haya. |
| 264 | 4 | |a Madrid, España : |b Editorial Católica, |c 1979, c1979 | |
| 300 | |a 330 p. | ||
| 336 | |a texto |b txt |2 rdacontenido | ||
| 337 | |a sin mediación |b n |2 rdamedio | ||
| 338 | |a volumen |b nc |2 rdasoporte | ||
| 440 | 1 | |a (Biblioteca de Autores Cristianos ; |v 405) | |
| 520 | |a Análisis exegético e interpretación teológica de los textos cristológicos que conforman el evangelio de San Juan, que inicia con el testimonio de Juan el Bautista sobre el Cordero de Dios y finaliza con la muerte de Jesús. | ||
| 649 | |a XX | ||
| 650 | |a Jesucristo | ||
| 650 | |a Cristología - |x Tema Principal | ||
| 650 | |a Biblia - |x Nuevo Testamento - |x Evangelios - |x Juan - |x Historia y Crítica - |x Tema Principal | ||
| 650 | |a Libros Sagrados - |x Historia y Crítica | ||
| 650 | |a Teología | ||
| 650 | |a Cristianismo | ||
| 650 | |a Religión | ||
| 910 | |a Fondo General | ||
| 920 | |a Impresos - Libros | ||
| 930 | |a Colección General | ||
| 905 | |a 101 | ||
| 901 | |a 0018610100 |b IT1 |c ACC |i 001861 |u 20250521 | ||
| 902 | |a https://opac.biblio.iteso.mx/vufind/Record/000001861 | ||